Responses for show #6614 - Thursday, May 23, 2013

Contestants

Mike Lewis, a systems engineer from Bloomington, Minnesota

Julia Lent, a government affairs director originally from Shippensburg, Pennsylvania

Scott Singer, an attorney from Boca Raton, Florida (whose 1-day cash winnings total $40,401)

Jeopardy! Round responses

THE NEW YORK PUBLIC LIBRARY
TOWERS
NAME THAT TUNESMITH
(Alex: ...the writer of the song.)
TOYING WITH YOU
PRODUCE SOME SLANG
THE VICE PRESIDENCY
(Joe Biden: I'm Joe Biden, with clues about the office of the vice presidency and some of my predecessors.)
    $200 10
5th Avenue

Scott
    $200 21
The Tower of Babel

Mike
    $200 18
Mick Jagger and Keith Richards

Mike
    $200 26
Cathy

Scott
    $200 2
raspberry

Julia
    $200 3
John Adams

Julia
    $400 1
lions

Mike
    $400 22
the Netherlands

Scott
    $400 19
Psy

Mike
    $400 27
(Scott: What are pocket pets?)
(Mike: What are pillow pets?)
...
[end-of-round signal]

Zhu Zhu Pets

ScottMike
Triple Stumper
    $400 7
kiwi

Scott
    $1,000 4
The Smithsonian

Julia
    $600 6
the Titanic

Mike
    $600 23
Calgary

Mike
    $600 12
Buddy Holly

Mike
    $600 14
banana republic

Mike
    $600 5
John Tyler

Scott
    $800 8
(Andrew) Carnegie

Scott
    $800 24
(Mike: What is Cuba?)

Havana

ScottMike
    $800 17
John Lennon

Julia
    $800 15
pineapple

Mike
    $800 13
the Naval Observatory

Julia
    $1000 9
Virginia Woolf

Scott
    $1000 25
the Sears Tower

Scott
    $1000 20
John Mayer

Mike
    $1000 16
sour grapes

Scott
    $1000 11
(John C.) Calhoun

Scott

Scores at the first commercial break (after clue 13):

Scott Julia Mike
$4,000 $2,200 $1,600

Scores at the end of the Jeopardy! Round:

Scott Julia Mike
$7,000 $3,000 $4,200

Double Jeopardy! Round responses

BOOKS BY THE NUMBER
IT'S GARY
GERMAN HISTORY
POTPOURRI
FUN WITH SCIENCE
"IE" TIMES 2
(Alex: Those two letters, "I-E", in that order, will appear twice in each correct response.)
    $400 1
fifty

Scott
    $400 11
Seabiscuit

Scott
    $400 16
the Rhine

Mike
    $400 17
Architectural Digest

Scott
    $400 22
3-D

Scott
    $400 6
walkie-talkie

Mike
    $800 2
seven

Mike
    $800 30
Gary Busey

Mike
    $800 12
peasants

Scott
    $800 18
a laptop computer

Mike
    $800 26
gravity (or mass)

Mike
    $800 7
Society of Friends

Scott
    $1200 3
one hundred

Julia
    $1200 29
Gary Oldman

Mike
    $1200 13
(Treaty of) Versailles

Scott
    $1200 19
Kalamata

Scott
    $1200 23
(Scott: What is electricity?)
(Alex: Be more specific.)
(Scott: What is [*]?)

static electricity

Scott
    $1200 8
boogie-woogie

Scott
    $1600 4
four

Scott
    $6,400 27
Gary Sinise

Mike
    $1600 14
Bismarck

Scott
    $1600 20
Hu Jintao

Triple Stumper
    $1600 24
aerosol

Mike
    $1600 9
(Scott: What is Dien Ven Phu?)

Dien Bien Phu

ScottMike
    $2000 5
thousand

Julia
    $2000 28
Gary Cole

Mike
    $2,400 15
Weimar

Scott
    $2000 21
ZZ

Mike
    $2000 25
sun, moon, and Earth

Scott
    $2000 10
Siegfried

Mike

Scores at the end of the Double Jeopardy! Round:

Scott Julia Mike
$21,000 $6,200 $25,000

[wagering suggestions for these scores]

Final Jeopardy! Round responses

ART SUBJECTS
JuliaWhat is ?
$1,000
ScottWhat is torture the Spanish Inquisition?
$4,001
MikeWhat is bullfighting?
$10,000
bullfighting

Final scores:

Scott Julia Mike
$16,999 $5,200 $35,000
2nd place: $2,000 3rd place: $1,000 New champion: $35,000

Game dynamics:

Coryat scores:

Scott Julia Mike
$20,600 $5,600 $20,200
25 R
(including 1 DD),
2 W
7 R
(including 1 DD),
0 W
23 R
(including 1 DD),
2 W

Combined Coryat: $46,400

The J! Archive is created by fans, for fans. The Jeopardy! game show and all elements thereof, including but not limited to copyright and trademark thereto, are the property of Jeopardy Productions, Inc. and are protected under law. This website is not affiliated with, sponsored by, or operated by Jeopardy Productions, Inc. Join the discussion at JBoard.tv.